Canciones viajeras (Registro nro. 21797)

Detalles MARC
000 -Cabecera
Campo de control interno 00792nam a2200253Ia 4500
005 - Fecha y hora del registro
control field 20260407162347.0
008 - Elementos de Longitud Fija
fixed length control field 260320s9999||||xx |||||||||||||| ||und||
020 ## - ISBN
ISBN 9786125205131
041 ## - Idioma
Codigo Idioma ESP
082 ## - DEWEY y NOTACIÓN INTERNA
Dewey 398.8
Notación Interna G23
100 ## - AUTOR
Autor denominación García-Miró, María Josefa,
Término de relación compilador
245 #0 - TÍTULO DE MATERIAL BIBLIOGRÁFICO
Título Canciones viajeras
250 ## - EDICIÓN
Edición Segunda edición
260 ## - CIUDAD, EDITORIAL, AÑO
Ciudad Lima :
Nombre de la Editorial Biblioteca Nacional del Perú,
Año 2025
300 ## - DESCRIPCIÓN
N° Páginas 47 páginas :
Otros detalles ilustraciones ;
Dimensiones 18 cm.
440 ## - MENCIÓN DE SERIE
Título de la Serie (Colección Perú)
505 ## - TABLA DE CONTENIDO
Tabla de Contenido Algunas canciones presentan traducción a lenguas nativas peruanas
650 ## - TEMAS
Temas Ciencias Sociales
653 ## - DESCRIPTORES
Lenguajes no controlado Canciones infantiles
654 ## - PROGRAMAS
Programa Dpto. de Humanidades
856 ## - URL - UBICACIÓN
URI/URL: Enlace exacto del recurso <a href="https://www-jstor-org.ucsp.lookproxy.com/">https://www-jstor-org.ucsp.lookproxy.com/</a>
Nota pública: Versión digital <a href="Véase además: Base de datos JSTOR">Véase además: Base de datos JSTOR</a>
942 ## - ELEMENTOS DE KOHA
Tipo de documento Libro
Nombre del creador Justo Noguera
Código de catalogador Margarita Torres
Esquema de clasificación Dewey Decimal Classification
Existencias
Codigo completo Registro Colección Copia número Disponibilidad Tipo de préstamo Biblioteca Actual Procedencia (Biblioteca) Ubicacón Fecha Ingreso Tipo de Adquisición Date last seen Total checkouts Price effective from Tipo de Item Estado del Material Fuente de Clasificación Damaged status Withdrawn status
398.8 G23 1085357 Universidad Católica San Pablo 1 Disponible Disponible Víctor Andrés Belaunde Víctor Andrés Belaunde Planta baja abierta 07/04/2026 Donación 07/04/2026   07/04/2026 Libro Bueno Dewey Decimal Classification